| 000 | 00775nas a2200253 4500 | ||
|---|---|---|---|
| 001 | BR0001616 | ||
| 003 | BR-BrBNA | ||
| 005 | 20231205101801.0 | ||
| 007 | ta | ||
| 008 | 230509b bl.|||p| |||| 00| 00por d | ||
| 040 |
_aBR-BrBNA _bpor _cBiblioteca Nacional de Agricultura |
||
| 041 | _a(Pt) | ||
| 072 | _aQ04 | ||
| 100 | 1 | _aBenassi, M. de T. | |
| 100 | 1 | _aCecchi, H.M. | |
| 245 | 1 | _aCaracterizacao de vinhos Riesling Italico nacionais quanto aos acidos carboxilicos e a alguns compostos fenolicos | |
| 650 | _aVinho | ||
| 650 | _aAcido | ||
| 650 | _aComposto Fenolico | ||
| 650 | _aCromatografia | ||
| 773 | 0 |
_tAlimentos e Nutricao (Brazil) _xISSN 0103-4235 _g(2000), v. 11 p. 23-33 _wBR0001616 |
|
| 909 |
_a202311 _bLúcia _c55 _dLúcia Elande |
||
| 942 |
_2AGRIS _n0 _cANA |
||
| 999 |
_c163880 _d163880 |
||